BIBLIOTECA PODER JUDICIAL
Portal Judicial TDF

Los activos y contenidos digitales ¿son transmisibles mortis causa? un análisis desde el derecho sucesorio : (Registro nro. 6347)

000 -LEADER
fixed length control field 01687nab a22002777a 4500
003 - CONTROL NUMBER IDENTIFIER
control field OSt
005 - DATE AND TIME OF LATEST TRANSACTION
control field 20260130223749.0
008 - FIXED-LENGTH DATA ELEMENTS--GENERAL INFORMATION
fixed length control field 190603e xxum|||| |||| 00| 0 spa d
040 ## - CATALOGING SOURCE
Transcribing agency PJ
100 ## - MAIN ENTRY--PERSONAL NAME
9 (RLIN) 7006
Personal name Grondona, Paula
245 13 - TITLE STATEMENT
Title Los activos y contenidos digitales ¿son transmisibles mortis causa? un análisis desde el derecho sucesorio :
Remainder of title el necesario marco regulatorio y la importancia de la planificación /
Statement of responsibility, etc Paula Grondona.
260 ## - PUBLICATION, DISTRIBUTION, ETC. (IMPRINT)
Date of publication, distribution, etc Ciudad Autónoma de Buenos Aires :
Place of publication, distribution, etc Thomson Reuters La Ley,
Name of publisher, distributor, etc 2025.
300 ## - PHYSICAL DESCRIPTION
Extent p. 5-17
500 ## - GENERAL NOTE
General note Cita: TR LALEY AR/DOC/2934/2025 <br/>Publicado en: RCCyC 2025 (Diciembre).
505 ## - FORMATTED CONTENTS NOTE
Formatted contents note Sumario: I. Introducción.— II. Los activos y contenidos digitales.— III. La regulación de los derechos personalísimos de las personas luego de su fallecimiento en el Cód. Civ. y Com.— IV. Principales tensiones con relación a los contenidos digitales post mortem.— V. Ideas preliminares para un futuro marco regulatorio.— VI. La importancia de la planificación "digital" sobre los activos y contenidos digitales luego del fallecimiento.— VII. Palabras de cierre.
505 ## - FORMATTED CONTENTS NOTE
Title ¿Te interesa el texto completo? Solicitalo al correo: koha@justierradelfuego.gov.ar
650 #0 - SUBJECT ADDED ENTRY--TOPICAL TERM
9 (RLIN) 1497
Topical term or geographic name as entry element CODIGO CIVIL Y COMERCIAL
650 #0 - SUBJECT ADDED ENTRY--TOPICAL TERM
9 (RLIN) 888
Topical term or geographic name as entry element SUCESIONES
650 #0 - SUBJECT ADDED ENTRY--TOPICAL TERM
9 (RLIN) 765
Topical term or geographic name as entry element DERECHOS PERSONALÍSIMOS
650 #0 - SUBJECT ADDED ENTRY--TOPICAL TERM
9 (RLIN) 1084
Topical term or geographic name as entry element HEREDEROS
650 #0 - SUBJECT ADDED ENTRY--TOPICAL TERM
9 (RLIN) 5557
Topical term or geographic name as entry element DERECHO A LA IMAGEN
650 #0 - SUBJECT ADDED ENTRY--TOPICAL TERM
9 (RLIN) 2724
Topical term or geographic name as entry element DERECHO A LA INTIMIDAD
650 #0 - SUBJECT ADDED ENTRY--TOPICAL TERM
9 (RLIN) 5817
Topical term or geographic name as entry element INTELIGENCIA ARTIFICIAL
773 0# - HOST ITEM ENTRY
Host Biblionumber 2713
Host Itemnumber 3170
Place, publisher, and date of publication Ciudad Autónoma de Buenos Aires : Thomson Reuters La Ley, 2015-
Title Revista Código Civil y Comercial. Nº 6 - Diciembre 2025
942 ## - ADDED ENTRY ELEMENTS (KOHA)
Source of classification or shelving scheme
Koha item type Analítica Artículo de Revista

No hay ítems disponibles.

12 de Octubre 789 Ushuaia - Tel:  54(02901)441571
Horario de Atención: 8.00 a 17.00 hs. 
bibliotecaush@justierradelfuego.gov.ar
koha@justierradelfuego.gov.ar
Seguinos en nuestras redes @bibliojustdf 

Con tecnología Koha